| 000 | 00000nam##2200000za#4500 |
| 001 | 9.647089 |
| 003 | CaOODSP |
| 005 | 20240209132408 |
| 007 | ta |
| 008 | 150407|1998||||xxc||||| f|0| 0 eng|d |
| 020 | |a0-662-27203-X |
| 040 | |aCaOODSP|beng |
| 043 | |an-cn--- |
| 086 | 1 |aC89-4/47-1998E |
| 110 | 2 |aAtlantic Canada Opportunities Agency. |
| 245 | 10|aState of small business and entrepreneurship in Atlantic Canada, 1998 |
| 260 | |aMoncton - New Brunswick : |bAtlantic Canada Opportunities Agency |c1998. |
| 300 | |axii, 90p. : |bgraphs, tables ; |c21 cm. |
| 500 | |a"Analyzes the dynamics of growth in overall employment and the number of businesses by employment size over the 1989-1995 period, and presents summarized versions of recent research studies on entrepreneurial start-up in Atlantic Canada, the impact of women entrepreneurs on the Atlantic economy, and regional competitiveness."--Page v. Funded under the Pan-Atlantic Entrepreneurship Development Program. |
| 520 | 3 |aAnalyzes the dynamics of growth in overall employment and the number of businesses by employment size over the 1989-1995 period, and presents summarized versions of recent research studies on entrepreneurial start-up in Atlantic Canada, the impact of women entrepreneurs on the Atlantic economy, and regional competitiveness.--Page v |
| 563 | |aSoftcover |
| 590 | |a99-08|b1999-02-26 |
| 690 | 07|aEconomic development|2gcpds |
| 690 | 07|aSmall businesses|2gcpds |
| 775 | 08|tÉtat de la petite entreprise et de l'entrepreneurship dans la région de l'Atlantique, 1998 |w(CaOODSP)9.680554 |
| 776 | 0#|tThe state of small business and entrepreneurship in Atlantic Canada - 1998 |w(CaOODSP)9.695219 |